What Team Do They Play For? #1 - Statistics

General Stats
  • This quiz has been taken 10 times
    3 since last reset
  • The average score is 7 of 10
Answer Stats
Question Answer % Correct
Alvaro Morata Como
100%
Moise Kean Fiorentina
100%
Hugo Lloris LAFC
100%
Romelu Lukaku Napoli
100%
Joao Felix Al Nassr
67%
Jhon Durán Fenerbahçe
67%
Sergio Reguilón Inter Miami
67%
James Rodriguez Without club
67%
Kevin-Prince Boateng Retired
33%
Sergio Ramos Monterrey
0%
No matching quizzes found
Score Distribution
Percent of People with Each Score
Percentile by Number Answered
Your Score History
You have not taken this quiz since the last reset